[Event "Montcalm op 5 2016-17"]
[Site "Quebec CAN"]
[Date "2017.02.23"]
[Round "2"]
[White "Dube, Dominic"]
[Black "Levesque-Duchesne, Merlin"]
[Result "0-1"]
[WhiteElo "1904"]
[BlackElo "1564"]
[WhiteFideId "-1"]
[WhiteFideId "-1"]
[PlyCount "94"]
[GameId "2160767908478473"]
[EventDate "2017.02.16"]
[EventType "swiss"]
[EventRounds "5"]
[EventCountry "CAN"]
[SourceTitle "EXT 2022"]
[Source "ChessBase"]
[SourceDate "2021.10.06"]
[SourceVersion "1"]
[SourceVersionDate "2021.10.06"]
[SourceQuality "1"]

1. e4 c6 2. d4 g6 3. Nf3 d5 4. e5 Bg4 5. Be2 Bxf3 6. Bxf3 e6 7. c3 Qb6 8. b3 c5 9. Ba3 Nd7 10. O-O cxd4 11. Bxf8 Kxf8 12. Qxd4 Qc7 13. Re1 Ne7 14. Na3 Nc6 15. Qf4 Ncxe5 16. Qb4+ Kg7 17. Re3 Nxf3+ 18. Rxf3 Qc5 19. Qxb7 Ne5 20. Re3 Qxa3 21. Rxe5 Qb2 22. Rae1 Qxc3 23. R5e3 Qc8 24. Qb4 Rd8 25. Rh3 d4 26. Qd2 h5 27. Rd3 Qc5 28. Rc1 Qb6 29. Rc4 e5 30. g4 hxg4 31. Qg5 Qf6 32. Qxg4 Rh8 33. Qg2 Rac8 34. Qd5 Rxc4 35. bxc4 Qf4 36. h3 Rh5 37. Rg3 Rf5 38. Rg2 Qf3 39. Qd7 d3 40. c5 Rf6 41. a4 Qe2 42. f4 Qe3+ 43. Kh2 Qxf4+ 44. Kh1 Qf1+ 45. Kh2 Rf2 46. Rxf2 Qxf2+ 47. Kh1 d2 0-1

[Event "Montcalm op 5 2016-17"]
[Site "Quebec CAN"]
[Date "2017.02.23"]
[Round "2"]
[White "Fillion, Jean-Yves"]
[Black "Ripoll, Arthur"]
[Result "0-1"]
[WhiteElo "1290"]
[BlackElo "1691"]
[WhiteFideId "-1"]
[WhiteFideId "-1"]
[PlyCount "44"]
[GameId "2160767908478474"]
[EventDate "2017.02.16"]
[EventType "swiss"]
[EventRounds "5"]
[EventCountry "CAN"]
[SourceTitle "EXT 2022"]
[Source "ChessBase"]
[SourceDate "2021.10.06"]
[SourceVersion "1"]
[SourceVersionDate "2021.10.06"]
[SourceQuality "1"]

1. e4 e5 2. Nf3 Nc6 3. Bc4 Bc5 4. b4 Bxb4 5. c3 Ba5 6. d4 exd4 7. Nxd4 Nxd4 8. Qxd4 Qf6 9. Qxf6 Nxf6 10. O-O O-O 11. Re1 Re8 12. e5 d5 13. Bd3 Bg4 14. Bb2 Nd7 15. f4 f6 16. h3 Bh5 17. e6 Nc5 18. Bc2 Rxe6 19. Nd2 Rae8 20. Rxe6 Rxe6 21. g4 Re2 22. Rd1 Bf7 0-1

[Event "Montcalm op 5 2016-17"]
[Site "Quebec CAN"]
[Date "2017.02.23"]
[Round "2"]
[White "Hines, Jason"]
[Black "Lapierre, Gaetan"]
[Result "0-1"]
[WhiteElo "1427"]
[BlackElo "1957"]
[WhiteFideId "-1"]
[WhiteFideId "-1"]
[PlyCount "96"]
[GameId "2160767908478475"]
[EventDate "2017.02.16"]
[EventType "swiss"]
[EventRounds "5"]
[EventCountry "CAN"]
[SourceTitle "EXT 2022"]
[Source "ChessBase"]
[SourceDate "2021.10.06"]
[SourceVersion "1"]
[SourceVersionDate "2021.10.06"]
[SourceQuality "1"]

1. e4 c6 2. d4 d5 3. exd5 cxd5 4. Nf3 Nf6 5. Bd3 Bg4 6. Nbd2 Nc6 7. c3 e6 8. O-O Be7 9. Qc2 Bh5 10. Nh4 Rc8 11. Ndf3 O-O 12. Be3 Nb4 13. Qb1 Nxd3 14. Qxd3 Bxf3 15. Nxf3 Ne4 16. Nd2 f5 17. Nxe4 dxe4 18. Qc2 Kh8 19. Qd2 Bd6 20. Bf4 Qc7 21. Bxd6 Qxd6 22. Rfe1 Rf6 23. Rad1 Rh6 24. h3 Rf8 25. d5 e5 26. c4 b6 27. Re3 g5 28. Rg3 g4 29. hxg4 f4 30. Rh3 Rg6 31. Qe2 f3 32. Qxe4 Rf4 33. Qc2 fxg2 34. f3 e4 35. fxe4 Qc5+ 36. Kxg2 Rfxg4+ 37. Kf3 Qf8+ 38. Ke3 Qf4+ 39. Kd4 Qf6+ 40. Kd3 Rg3+ 41. Rxg3 Rxg3+ 42. Kd2 Qf4+ 43. Ke1 Rg1+ 44. Ke2 Rg2+ 45. Kd3 Qf3+ 46. Kd4 Rxc2 47. Rd3 Qf6+ 48. Ke3 Qf2# 0-1

[Event "Montcalm op 5 2016-17"]
[Site "Quebec CAN"]
[Date "2017.02.23"]
[Round "2"]
[White "Lamontagne, Danny"]
[Black "Lessard, Claude"]
[Result "0-1"]
[WhiteElo "1896"]
[BlackElo "2163"]
[WhiteFideId "-1"]
[WhiteFideId "-1"]
[PlyCount "54"]
[GameId "2160767908478476"]
[EventDate "2017.02.16"]
[EventType "swiss"]
[EventRounds "5"]
[EventCountry "CAN"]
[SourceTitle "EXT 2022"]
[Source "ChessBase"]
[SourceDate "2021.10.06"]
[SourceVersion "1"]
[SourceVersionDate "2021.10.06"]
[SourceQuality "1"]

1. e4 c6 2. d4 d5 3. exd5 cxd5 4. Bd3 Nf6 5. Bf4 Nc6 6. c3 Bg4 7. Qb3 Qd7 8. Nd2 e6 9. Ngf3 Bd6 10. Ne5 Qc7 11. Nxg4 Bxf4 12. Nxf6+ gxf6 13. g3 Bd6 14. Nf1 f5 15. f4 h5 16. h4 O-O-O 17. Kd2 Rdg8 18. Ke2 Bxf4 19. gxf4 Rg2+ 20. Kd1 Qxf4 21. Be2 Qe4 22. Bb5 Na5 23. Qa4 a6 24. Nd2 Qe3 25. Nf1 Qf3+ 26. Kc1 axb5 27. Qxa5 Qe2 0-1

[Event "Montcalm op 5 2016-17"]
[Site "Quebec CAN"]
[Date "2017.03.02"]
[Round "3"]
[White "Cournoyer, Dominic"]
[Black "Beaudoin, Stephane"]
[Result "1/2-1/2"]
[WhiteElo "1983"]
[BlackElo "2086"]
[WhiteFideId "-1"]
[WhiteFideId "-1"]
[PlyCount "88"]
[GameId "2160767908478477"]
[EventDate "2017.02.16"]
[EventType "swiss"]
[EventRounds "5"]
[EventCountry "CAN"]
[SourceTitle "EXT 2022"]
[Source "ChessBase"]
[SourceDate "2021.10.06"]
[SourceVersion "1"]
[SourceVersionDate "2021.10.06"]
[SourceQuality "1"]

1. c4 e5 2. Nc3 Nf6 3. g3 d5 4. cxd5 Nxd5 5. Bg2 Nb6 6. Nf3 Nc6 7. O-O Be7 8. d3 O-O 9. b3 Be6 10. Bb2 Qd7 11. Ne4 f5 12. Ned2 Bf6 13. Qc1 Rad8 14. Rd1 Qf7 15. Rb1 Qh5 16. Nc4 Nxc4 17. dxc4 Rxd1+ 18. Qxd1 Rd8 19. Qe1 Qf7 20. e4 f4 21. Rd1 Rxd1 22. Qxd1 fxg3 23. fxg3 Qe7 24. Qd2 Qc5+ 25. Kh1 h6 26. Bc3 a5 27. h4 Kf7 28. Kh2 b6 29. Bh3 Nd4 30. Bxe6+ Kxe6 31. Qd3 Qd6 32. Kg2 c5 33. Nh2 Ke7 34. Ng4 Ne6 35. Qxd6+ Kxd6 36. Kf2 h5 37. Ne3 g5 38. Nf5+ Kc6 39. hxg5 Nxg5 40. Ke3 Ne6 41. Kd3 Nd4 42. Ne3 h4 43. gxh4 Bxh4 44. Nd5 Bg5 1/2-1/2

[Event "Montcalm op 5 2016-17"]
[Site "Quebec CAN"]
[Date "2017.03.02"]
[Round "3"]
[White "Genest, Dominic"]
[Black "Auger, Bertrand"]
[Result "1/2-1/2"]
[WhiteElo "1688"]
[BlackElo "1982"]
[WhiteFideId "-1"]
[WhiteFideId "-1"]
[PlyCount "119"]
[GameId "2160767908478478"]
[EventDate "2017.02.16"]
[EventType "swiss"]
[EventRounds "5"]
[EventCountry "CAN"]
[SourceTitle "EXT 2022"]
[Source "ChessBase"]
[SourceDate "2021.10.06"]
[SourceVersion "1"]
[SourceVersionDate "2021.10.06"]
[SourceQuality "1"]

1. c4 Nf6 2. g3 e6 3. Bg2 d5 4. Nf3 Be7 5. O-O O-O 6. b3 b6 7. Bb2 Bb7 8. d3 c5 9. e3 Nc6 10. Nc3 d4 11. Ne2 dxe3 12. fxe3 Ng4 13. Qd2 Bf6 14. Bxf6 Qxf6 15. Nf4 Rad8 16. Rad1 Rd7 17. d4 Qh6 18. d5 Nce5 19. e4 Nxf3+ 20. Bxf3 Ne5 21. Bg2 Ng4 22. Bf3 Ne5 23. Nd3 Qxd2 24. Rxd2 Nxd3 25. Rxd3 exd5 26. exd5 Re8 27. Kf2 Rd6 28. Re3 Rxe3 29. Kxe3 Bc8 30. Kf4 f6 31. Re1 Kf8 32. Bg4 g5+ 33. Kf3 f5 34. Bh5 Bd7 35. h3 Rh6 36. g4 fxg4+ 37. Bxg4 Rf6+ 38. Kg2 Be8 39. Kg3 Bg6 40. Bf3 Rf4 41. Re5 Rf5 42. Re6 Bf7 43. Re4 Rf6 44. Re2 h6 45. Be4 Ke7 46. Bg6+ Kf8 47. Bxf7 Kxf7 48. Rf2 h5 49. Rxf6+ Kxf6 50. Kf3 Kf5 51. Ke3 Ke5 52. Kf2 Kf6 53. Kg3 Ke5 54. a3 a6 55. Kf3 Kf5 56. Kg3 Ke5 57. a4 a5 58. Kf3 Kf5 59. Ke3 Ke5 60. Kf3 1/2-1/2

[Event "Montcalm op 5 2016-17"]
[Site "Quebec CAN"]
[Date "2017.03.02"]
[Round "3"]
[White "Lapierre, Gaetan"]
[Black "Dube, Daniel"]
[Result "1/2-1/2"]
[WhiteElo "1957"]
[BlackElo "1851"]
[WhiteFideId "-1"]
[WhiteFideId "-1"]
[PlyCount "152"]
[GameId "2160767908478479"]
[EventDate "2017.02.16"]
[EventType "swiss"]
[EventRounds "5"]
[EventCountry "CAN"]
[SourceTitle "EXT 2022"]
[Source "ChessBase"]
[SourceDate "2021.10.06"]
[SourceVersion "1"]
[SourceVersionDate "2021.10.06"]
[SourceQuality "1"]

1. d4 Nf6 2. c4 e6 3. Nc3 Bb4 4. Bd2 c5 5. e3 O-O 6. a3 Bxc3 7. Bxc3 cxd4 8. Qxd4 Nc6 9. Qh4 d5 10. Bxf6 Qxf6 11. Qxf6 gxf6 12. cxd5 exd5 13. Nf3 Be6 14. Be2 Rfd8 15. Nd4 Nxd4 16. exd4 Rac8 17. Kd2 Rc6 18. Rhc1 Rdc8 19. Rxc6 Rxc6 20. Rc1 Rxc1 21. Kxc1 Kf8 22. Kd2 Ke7 23. Ke3 Kf8 24. Kf4 Kg7 25. h4 h6 26. h5 Kf8 27. Bd3 Ke7 28. g4 Kf8 29. Kg3 Kg7 30. f4 Bd7 31. Kh4 Bc8 32. Kg3 Bd7 33. Kf3 Bc8 34. Be2 Bd7 35. Kg3 Bc6 36. Kh4 Bd7 37. Bf3 Bc6 38. Kg3 Kh7 39. Kf2 Kg7 40. Ke3 b6 41. Kd2 a6 42. a4 a5 43. b3 Kf8 44. Kc3 Kg7 45. Kd2 Kg8 46. Ke3 Kg7 47. Kf2 Kf8 48. Kg3 Kg8 49. Kh4 Kg7 50. g5 fxg5+ 51. fxg5 hxg5+ 52. Kxg5 f6+ 53. Kh4 Bb7 54. Bg4 Kh6 55. Be6 Bc6 56. Kg4 Bb7 57. Kf5 Kxh5 58. Kxf6 Bc6 59. Ke5 b5 60. axb5 Bxb5 61. Bxd5 a4 62. bxa4 Bxa4 63. Bf7+ Kg5 64. d5 Bb3 65. d6 Ba4 66. Ke6 Kf4 67. Ke7 Ke5 68. Be6 Bb5 69. Bd7 Bd3 70. Be8 Bf5 71. Bg6 Be6 72. Bd3 Bg4 73. Bc4 Bf5 74. Bb5 Bg4 75. Bd7 Be2 76. Be6 Bb5 1/2-1/2

[Event "Montcalm op 5 2016-17"]
[Site "Quebec CAN"]
[Date "2017.03.02"]
[Round "3"]
[White "Lessard, Claude"]
[Black "Levesque-Duchesne, Merlin"]
[Result "1-0"]
[WhiteElo "2163"]
[BlackElo "1564"]
[WhiteFideId "-1"]
[WhiteFideId "-1"]
[PlyCount "93"]
[GameId "2160767908478480"]
[EventDate "2017.02.16"]
[EventType "swiss"]
[EventRounds "5"]
[EventCountry "CAN"]
[SourceTitle "EXT 2022"]
[Source "ChessBase"]
[SourceDate "2021.10.06"]
[SourceVersion "1"]
[SourceVersionDate "2021.10.06"]
[SourceQuality "1"]

1. d4 Nf6 2. Nf3 g6 3. c4 d5 4. e3 Bg7 5. Nbd2 c6 6. Bd3 Nbd7 7. O-O O-O 8. b3 Re8 9. Bb2 e5 10. dxe5 Ng4 11. cxd5 cxd5 12. Bb5 a6 13. Bxd7 Bxd7 14. h3 Nxe5 15. Bxe5 Bxe5 16. Nxe5 Rxe5 17. Nf3 Rf5 18. g4 Rf6 19. Rc1 h5 20. Ne5 Bb5 21. Re1 Qd6 22. f4 Re6 23. gxh5 Rxe5 24. fxe5 Qxe5 25. Qf3 gxh5 26. Qf4 Qxf4 27. exf4 Bc6 28. Re5 Kg7 29. Rxh5 f6 30. Rh4 Kg6 31. Kf2 Kf5 32. Rd1 Re8 33. Rg1 d4 34. Rh5+ Ke4 35. Rh6 Kd3 36. Rxf6 Re2+ 37. Kg3 Kc2 38. Rd6 d3 39. f5 d2 40. h4 Re1 41. Rxd2+ Kxd2 42. Rxe1 Kxe1 43. h5 Be4 44. Kf4 Bb1 45. h6 Bxa2 46. h7 Bxb3 47. h8=Q 1-0

[Event "Montcalm op 5 2016-17"]
[Site "Quebec CAN"]
[Date "2017.03.02"]
[Round "3"]
[White "Ripoll, Arthur"]
[Black "Pare, Marc"]
[Result "0-1"]
[WhiteElo "1691"]
[BlackElo "2080"]
[WhiteFideId "-1"]
[WhiteFideId "-1"]
[PlyCount "102"]
[GameId "2160767908478481"]
[EventDate "2017.02.16"]
[EventType "swiss"]
[EventRounds "5"]
[EventCountry "CAN"]
[SourceTitle "EXT 2022"]
[Source "ChessBase"]
[SourceDate "2021.10.06"]
[SourceVersion "1"]
[SourceVersionDate "2021.10.06"]
[SourceQuality "1"]

1. e4 d5 2. exd5 Nf6 3. c4 c6 4. d4 cxd5 5. Nf3 Nc6 6. Nc3 e6 7. c5 Ne4 8. Qc2 f5 9. Bb5 Be7 10. a3 O-O 11. O-O Bf6 12. Ne2 Ne7 13. Bf4 g5 14. Be5 g4 15. Bxf6 Rxf6 16. Ne5 Ng6 17. f3 gxf3 18. Nxf3 Bd7 19. Bd3 Qc7 20. b4 Raf8 21. b5 e5 22. a4 exd4 23. Nfxd4 Qe5 24. Rac1 f4 25. Nf3 Qe7 26. Nc3 Qxc5+ 27. Kh1 Nxc3 28. Qxc3 Qxc3 29. Rxc3 Bg4 30. Rc7 Bxf3 31. Rxf3 R8f7 32. Rxf7 Rxf7 33. g3 Ne5 34. Be2 Nxf3 35. Bxf3 fxg3 36. Bxd5 gxh2 37. Kxh2 Kf8 38. a5 b6 39. a6 Ke7 40. Kg3 Rf5 41. Bc6 Kd6 42. Kg4 Rc5 43. Be4 h5+ 44. Kf3 Rxb5 45. Ke3 Re5 46. Kf4 Rxe4+ 47. Kxe4 h4 48. Kf4 b5 49. Kg4 b4 50. Kxh4 b3 51. Kg4 b2 0-1

[Event "Montcalm op 5 2016-17"]
[Site "Quebec CAN"]
[Date "2017.03.02"]
[Round "3"]
[White "Stoyanova, Stela"]
[Black "Lamontagne, Danny"]
[Result "1-0"]
[WhiteElo "1558"]
[BlackElo "1896"]
[WhiteFideId "-1"]
[WhiteFideId "-1"]
[PlyCount "106"]
[GameId "2160767908478482"]
[EventDate "2017.02.16"]
[EventType "swiss"]
[EventRounds "5"]
[EventCountry "CAN"]
[SourceTitle "EXT 2022"]
[Source "ChessBase"]
[SourceDate "2021.10.06"]
[SourceVersion "1"]
[SourceVersionDate "2021.10.06"]
[SourceQuality "1"]

1. e4 d5 2. exd5 Qxd5 3. Nc3 Qa5 4. d4 Nf6 5. Bd2 c6 6. Ne4 Qd8 7. Nxf6+ gxf6 8. c3 Bf5 9. Bc4 Rg8 10. Qb3 e6 11. Nf3 Qc7 12. Nh4 Bg6 13. Nxg6 Rxg6 14. g3 Bd6 15. Be2 Qb6 16. Bh5 Qxb3 17. axb3 Rg8 18. Ke2 Nd7 19. c4 f5 20. Bf3 a6 21. Ra2 Nf6 22. Rha1 Ne4 23. Bxe4 fxe4 24. Ra5 f5 25. d5 exd5 26. cxd5 c5 27. Be3 Rc8 28. Rc1 Kd7 29. Ra4 Rge8 30. f3 exf3+ 31. Kxf3 Re5 32. Rh4 Re7 33. Rh6 Rf7 34. Rc4 b6 35. b4 b5 36. Rch4 cxb4 37. Rxh7 Rcf8 38. b3 Ke7 39. Bg5+ Kd7 40. Rxf7+ Rxf7 41. Rh8 Rg7 42. h4 Rg6 43. Rh7+ Kc8 44. Rf7 a5 45. Rxf5 a4 46. h5 a3 47. hxg6 a2 48. g7 a1=Q 49. g8=Q+ Kb7 50. Rf7+ Bc7 51. Rxc7+ Kxc7 52. Qd8+ Kb7 53. Qd7+ Kb6 1-0

[Event "Montcalm op 5 2016-17"]
[Site "Quebec CAN"]
[Date "2017.03.09"]
[Round "4"]
[White "Beaudoin, Stephane"]
[Black "Dube, Dominic"]
[Result "1/2-1/2"]
[WhiteElo "2086"]
[BlackElo "1904"]
[WhiteFideId "-1"]
[WhiteFideId "-1"]
[PlyCount "136"]
[GameId "2160767908478483"]
[EventDate "2017.02.16"]
[EventType "swiss"]
[EventRounds "5"]
[EventCountry "CAN"]
[SourceTitle "EXT 2022"]
[Source "ChessBase"]
[SourceDate "2021.10.06"]
[SourceVersion "1"]
[SourceVersionDate "2021.10.06"]
[SourceQuality "1"]

1. e4 c6 2. d4 d5 3. e5 Bf5 4. Ne2 e6 5. Nf4 h6 6. Bd3 Ne7 7. O-O Bxd3 8. Qxd3 Qc7 9. Na3 Na6 10. c3 Nf5 11. b4 Rc8 12. Nc2 g6 13. Qh3 Nb8 14. Ne3 Ng7 15. Nd3 b6 16. Rb1 Nd7 17. Ng4 Nf5 18. Ne3 Ng7 19. Bd2 b5 20. g4 Be7 21. f4 f5 22. gxf5 Nxf5 23. Nxf5 gxf5 24. Qh5+ Kd8 25. Kh1 Nf8 26. Rg1 Qd7 27. Rg7 Qe8 28. Qe2 Rh7 29. Rbg1 Rc7 30. Be1 Kc8 31. Rxh7 Nxh7 32. Rg7 Bf8 33. Rg1 Rg7 34. Rxg7 Bxg7 35. Qg2 Qf7 36. Bf2 Nf8 37. Qh3 Nd7 38. Ne1 Nb6 39. Nd3 Nc4 40. Nc5 Bf8 41. Qh4 Bxc5 42. bxc5 Qg7 43. Qg3 Qg4 44. Qxg4 fxg4 45. h3 gxh3 46. Kh2 Kd7 47. Kxh3 Ke8 48. Kg4 Kf7 49. f5 Nd2 50. fxe6+ Kxe6 51. Kf4 h5 52. Be1 Ne4 53. a3 a6 54. Ke3 Kf5 55. Kd3 Kg4 56. Ke3 h4 57. Bxh4 Kf5 58. Be1 Ke6 59. Kf4 a5 60. Kg4 Kf7 61. Kf5 Ke7 62. Bh4+ Kf8 63. Be1 Ke7 64. e6 Ke8 65. Ke5 Ke7 66. Kf5 Ke8 67. Kf4 Ke7 68. Ke5 Ke8 1/2-1/2

[Event "Montcalm op 5 2016-17"]
[Site "Quebec CAN"]
[Date "2017.03.09"]
[Round "4"]
[White "Fecteau, Martin"]
[Black "Cournoyer, Dominic"]
[Result "0-1"]
[WhiteElo "1903"]
[BlackElo "1983"]
[WhiteFideId "-1"]
[WhiteFideId "-1"]
[PlyCount "160"]
[GameId "2160767908478484"]
[EventDate "2017.02.16"]
[EventType "swiss"]
[EventRounds "5"]
[EventCountry "CAN"]
[SourceTitle "EXT 2022"]
[Source "ChessBase"]
[SourceDate "2021.10.06"]
[SourceVersion "1"]
[SourceVersionDate "2021.10.06"]
[SourceQuality "1"]

1. Nf3 d5 2. d4 Nf6 3. c4 c6 4. Nbd2 g6 5. g3 Bg7 6. Bg2 O-O 7. O-O Nbd7 8. Re1 Re8 9. e4 dxe4 10. Nxe4 Nxe4 11. Rxe4 Nf6 12. Re1 Bf5 13. Bf4 Qb6 14. Qb3 Qxb3 15. axb3 a6 16. Bc7 Rac8 17. Ba5 Nd7 18. Ne5 Nxe5 19. dxe5 h5 20. h3 Bh6 21. f4 g5 22. Rf1 gxf4 23. gxf4 Kh7 24. Kh2 Rg8 25. Rae1 h4 26. Re3 Rg7 27. Be1 Rd8 28. Be4 Bxe4 29. Rxe4 Rd1 30. Rf3 Rb1 31. Re2 e6 32. Bxh4 Rgg1 33. Bf2 Rgd1 34. Kg3 Bf8 35. Kg4 Bb4 36. f5 exf5+ 37. Rxf5 Kg7 38. Kh5 Rd3 39. Rg5+ Kh7 40. Rg3 Rbd1 41. e6 fxe6 42. Rxe6 Rxg3 43. Bxg3 Rd3 44. Rh6+ Kg8 45. Rg6+ Kf7 46. h4 Rxb3 47. Be5 Be7 48. Bc3 a5 49. Rg7+ Kf8 50. Rg3 Kf7 51. Kg4 a4 52. h5 Bf8 53. Rf3+ Kg8 54. Bd4 Rxf3 55. Kxf3 Kh7 56. c5 Kh6 57. Kg4 Be7 58. Be3+ Kg7 59. Kf5 Bf6 60. h6+ Kf7 61. Bc1 Bd4 62. Ke4 Bxc5 63. Bf4 Kg6 64. Ke5 Bf8 65. Ke6 Bxh6 66. Bd6 Bg7 67. Ba3 Bd4 68. Kd7 c5 69. Kd6 Kf5 70. Bxc5 Bxb2 71. Kc7 Ke5 72. Kxb7 Kd5 73. Bf8 Kc4 74. Kc6 Kb3 75. Kb5 Bc3 76. Bd6 Bb2 77. Bc5 Ba3 78. Bd4 Be7 79. Bh8 a3 80. Ba1 Bg5 0-1

[Event "Montcalm op 5 2016-17"]
[Site "Quebec CAN"]
[Date "2017.03.09"]
[Round "4"]
[White "Hines, Jason"]
[Black "Dube, Daniel"]
[Result "0-1"]
[WhiteElo "1427"]
[BlackElo "1851"]
[WhiteFideId "-1"]
[WhiteFideId "-1"]
[PlyCount "168"]
[GameId "2160767908478485"]
[EventDate "2017.02.16"]
[EventType "swiss"]
[EventRounds "5"]
[EventCountry "CAN"]
[SourceTitle "EXT 2022"]
[Source "ChessBase"]
[SourceDate "2021.10.06"]
[SourceVersion "1"]
[SourceVersionDate "2021.10.06"]
[SourceQuality "1"]

1. e4 g6 2. d4 Bg7 3. f4 c6 4. Nf3 d5 5. e5 h5 6. Bd3 Nh6 7. Qe2 Bg4 8. Be3 e6 9. Nc3 Nf5 10. Qf2 h4 11. h3 Bxf3 12. Bxf5 Bxg2 13. Qxg2 exf5 14. O-O-O b5 15. Bd2 Rh6 16. Rhe1 Qd7 17. Qg1 Qe6 18. Ne2 a5 19. Qe3 Nd7 20. Qa3 Bf8 21. Qf3 Nb6 22. b3 a4 23. Kb2 Be7 24. a3 axb3 25. cxb3 Bxa3+ 26. Kc2 Kd7 27. Ra1 Rhh8 28. Rab1 Be7 29. Rec1 Ra2+ 30. Kd1 b4 31. Qd3 Rha8 32. Ng1 R8a3 33. Nf3 Na4 34. Ke1 Nb6 35. Qf1 Ke8 36. Kd1 Qc8 37. Qe1 Kf8 38. Bxb4 Ra7 39. Bxe7+ Rxe7 40. Qxh4 Ke8 41. Qh8+ Kd7 42. Qxc8+ Nxc8 43. Rc2 Rxc2 44. Kxc2 Kc7 45. Ng5 Na7 46. Ra1 Kb7 47. Ra5 Kb6 48. b4 f6 49. exf6 Re8 50. Nh7 Nb5 51. Kd3 Nd6 52. Ra2 Rh8 53. Ng5 Rf8 54. Nh7 Rf7 55. Ng5 Rxf6 56. Ra8 Ne4 57. h4 Ng3 58. Re8 Nh5 59. Re5 Nxf4+ 60. Kc3 Ng2 61. Nf3 f4 62. Rg5 Ne3 63. Kd3 Kb5 64. Kc3 Nc4 65. h5 gxh5 66. Rxh5 Re6 67. Ne5 Nxe5 68. dxe5 f3 69. Rf5 f2 70. Rxf2 Rxe5 71. Rf4 Re4 72. Rf8 Rc4+ 73. Kd3 Rxb4 74. Rf5 Kc5 75. Kc3 Rh4 76. Re5 Rh3+ 77. Kd2 Kd4 78. Re1 Rh2+ 79. Kd1 c5 80. Rf1 Kc4 81. Rf4+ d4 82. Ke1 Kc3 83. Kd1 d3 84. Rf3 Rh1+ 0-1

[Event "Montcalm op 5 2016-17"]
[Site "Quebec CAN"]
[Date "2017.03.09"]
[Round "4"]
[White "Le Huu, Pascal"]
[Black "Ripoll, Arthur"]
[Result "0-1"]
[WhiteElo "1228"]
[BlackElo "1691"]
[WhiteFideId "-1"]
[WhiteFideId "-1"]
[PlyCount "22"]
[GameId "2160767908478486"]
[EventDate "2017.02.16"]
[EventType "swiss"]
[EventRounds "5"]
[EventCountry "CAN"]
[SourceTitle "EXT 2022"]
[Source "ChessBase"]
[SourceDate "2021.10.06"]
[SourceVersion "1"]
[SourceVersionDate "2021.10.06"]
[SourceQuality "1"]

1. d4 d5 2. Bf4 Nf6 3. Nf3 e6 4. Nbd2 Bd6 5. Bxd6 Qxd6 6. e3 O-O 7. c3 c5 8. c4 cxd4 9. Nxd4 Nc6 10. cxd5 Nxd4 11. Nc4 Qb4+ 0-1

[Event "Montcalm op 5 2016-17"]
[Site "Quebec CAN"]
[Date "2017.03.09"]
[Round "4"]
[White "Pare, Marc"]
[Black "Stoyanova, Stela"]
[Result "1-0"]
[WhiteElo "2080"]
[BlackElo "1558"]
[WhiteFideId "-1"]
[WhiteFideId "-1"]
[PlyCount "91"]
[GameId "2160767908478488"]
[EventDate "2017.02.16"]
[EventType "swiss"]
[EventRounds "5"]
[EventCountry "CAN"]
[SourceTitle "EXT 2022"]
[Source "ChessBase"]
[SourceDate "2021.10.06"]
[SourceVersion "1"]
[SourceVersionDate "2021.10.06"]
[SourceQuality "1"]

1. e4 e6 2. Nf3 d5 3. Nc3 d4 4. Ne2 c5 5. c3 Nc6 6. cxd4 cxd4 7. Qa4 Bd7 8. Nexd4 Ne5 9. Bb5 Nxf3+ 10. Nxf3 Bxb5 11. Qxb5+ Qd7 12. Qe2 Nf6 13. O-O Be7 14. d4 h6 15. Ne5 Qc7 16. Qb5+ Kf8 17. Bf4 Bd6 18. Rac1 Qd8 19. Qxb7 Bxe5 20. Bxe5 Nd7 21. Bc7 Qe8 22. Bd6+ Kg8 23. Rc7 Rb8 24. Qxa7 Ra8 25. Qb7 Rb8 26. Qc6 Rd8 27. e5 f6 28. f4 f5 29. a4 g5 30. d5 Rh7 31. a5 Qh5 32. dxe6 Nb8 33. Qd5 Re8 34. Rxh7 Kxh7 35. Qb7+ Kg8 36. Bxb8 Rxe6 37. Rc1 gxf4 38. Qd5 Qe8 39. Rc7 Kh8 40. Rd7 Qg6 41. Rd8+ Re8 42. e6 f3 43. Be5+ Kg8 44. Rxe8+ Qxe8 45. e7+ Kh7 46. Qd8 1-0

[Event "Montcalm op 5 2016-17"]
[Site "Quebec CAN"]
[Date "2017.03.16"]
[Round "5"]
[White "Auger, Bertrand"]
[Black "Fecteau, Martin"]
[Result "0-1"]
[WhiteElo "1982"]
[BlackElo "1903"]
[WhiteFideId "-1"]
[WhiteFideId "-1"]
[PlyCount "112"]
[GameId "2160767908478489"]
[EventDate "2017.02.16"]
[EventType "swiss"]
[EventRounds "5"]
[EventCountry "CAN"]
[SourceTitle "EXT 2022"]
[Source "ChessBase"]
[SourceDate "2021.10.06"]
[SourceVersion "1"]
[SourceVersionDate "2021.10.06"]
[SourceQuality "1"]

1. Nf3 d5 2. g3 c5 3. Bg2 Nf6 4. O-O e6 5. c4 d4 6. d3 Nc6 7. a3 a5 8. b3 e5 9. e3 Be7 10. exd4 exd4 11. Re1 O-O 12. Ra2 h6 13. Rae2 Bd6 14. Nbd2 Bf5 15. Ne4 Nxe4 16. dxe4 Bg4 17. e5 Be7 18. h3 Be6 19. Qd3 Qd7 20. g4 a4 21. Nd2 axb3 22. f4 g6 23. Rf1 f5 24. exf6 Rxf6 25. Rxe6 Rxe6 26. Bd5 Kg7 27. Bxe6 Qxe6 28. Nf3 Qd6 29. Qxb3 Qc7 30. Qd3 Rf8 31. Kg2 Bd8 32. Re1 Qd6 33. Ne5 g5 34. Nxc6 Qxc6+ 35. Qf3 Qxf3+ 36. Kxf3 gxf4 37. Re5 b6 38. Rd5 Bg5 39. Rd6 Rb8 40. Bd2 Ra8 41. Ke4 Rxa3 42. h4 Bxh4 43. Bxf4 Bg5 44. Be5+ Kf7 45. Rd7+ Ke8 46. Rd5 Rc3 47. Kf5 Re3 48. Rd6 d3 49. Rxb6 Re2 50. Rb8+ Kd7 51. Rb7+ Kc6 52. Rb3 d2 53. Rd3 Re1 54. Rd6+ Kb7 55. Rd7+ Kc8 56. Rc7+ Kd8 0-1

[Event "Montcalm op 5 2016-17"]
[Site "Quebec CAN"]
[Date "2017.03.16"]
[Round "5"]
[White "Cournoyer, Dominic"]
[Black "Levesque-Duchesne, Merlin"]
[Result "1-0"]
[WhiteElo "1983"]
[BlackElo "1564"]
[WhiteFideId "-1"]
[WhiteFideId "-1"]
[PlyCount "81"]
[GameId "2160767908478490"]
[EventDate "2017.02.16"]
[EventType "swiss"]
[EventRounds "5"]
[EventCountry "CAN"]
[SourceTitle "EXT 2022"]
[Source "ChessBase"]
[SourceDate "2021.10.06"]
[SourceVersion "1"]
[SourceVersionDate "2021.10.06"]
[SourceQuality "1"]

1. c4 c6 2. Nc3 g6 3. g3 d5 4. cxd5 cxd5 5. d4 Bg7 6. Bg2 Nf6 7. Nf3 O-O 8. O-O Nc6 9. Bf4 Nh5 10. Be3 h6 11. Rc1 Kh7 12. Nxd5 Bg4 13. Nc3 Bxf3 14. Bxf3 Bxd4 15. Bxd4 Qxd4 16. Bxh5 gxh5 17. Qc2+ f5 18. Rfd1 Qg7 19. Nd5 Qe5 20. Ne3 Nd4 21. Rxd4 Qxd4 22. Nxf5 Qf6 23. Nxe7+ Kg7 24. Nd5 Qxf2+ 25. Kh1 Rac8 26. Nc7 Qe3 27. Qc4 Kh8 28. Rd1 Qe5 29. Rd7 Rf1+ 30. Kg2 Rcf8 31. Rd5 R8f2+ 32. Kh3 Qf6 33. Qe4 Rf5 34. Ne8 Qg5 35. Qd4+ Kg8 36. Rxf5 Qxf5+ 37. Kg2 Qf7 38. Nd6 Qf6 39. Qd5+ Kh7 40. Qxb7+ Kg6 41. Qe4+ 1-0